Железом по свинцу; Энергия: экономика, техника, экология; № 6

Bibliografische gegevens
Parent link:Энергия: экономика, техника, экология: научно-популярный и общественно-политический журнал/ Российская академия наук (РАН).— , 1984-.— 0233-3619
№ 6.— 2003.— С. 62-64
Hoofdauteur: Андреев И. Л.
Taal:Russisch
Gepubliceerd in: 2003
Onderwerpen:
Formaat: Hoofdstuk
KOHA link:https://koha.lib.tpu.ru/cgi-bin/koha/opac-detail.pl?biblionumber=387207

MARC

LEADER 00000naa2a2200000 4500
001 387207
005 20231101063600.0
035 |a (RuTPU)RU\TPU\prd\16712 
090 |a 387207 
100 |a 20030901a2003 k y0rusy50 ca 
101 0 |a rus 
102 |a RU 
200 1 |a Железом по свинцу  |f И. Л. Андреев 
461 1 |0 (RuTPU)RU\TPU\prd\458  |x 0233-3619  |t Энергия: экономика, техника, экология  |o научно-популярный и общественно-политический журнал  |f Российская академия наук (РАН)  |d 1984- 
463 1 |0 (RuTPU)RU\TPU\prd\16383  |t № 6  |v С. 62-64  |d 2003 
610 1 |a энергоносители 
610 1 |a нефтепродукты 
610 1 |a источники энергии 
610 1 |a бензин 
610 1 |a топливо 
700 1 |a Андреев  |b И. Л. 
801 1 |a RU  |b 63413507  |c 20030901  |g PSBO 
801 2 |a RU  |b 63413507  |c 20120516  |g RCR 
942 |c BK